| 000 | 00370nam a2200121Ia 4500 | ||
|---|---|---|---|
| 008 | 220217s9999||||xx |||||||||||||| ||und|| | ||
| 082 | _a621.621 ADI | ||
| 100 | _aAdhi, Prabhu | ||
| 245 | 0 | _aGruhopayogi electronics upakaranagala bidibhagagalu | |
| 260 |
_aVisweswaraiah technology univercity _bBelggaum _c2003 |
||
| 300 |
_aIV,55p.;20cm _b8 |
||
| 650 | _aELECTRONICS | ||
| 999 |
_c180885 _d180885 |
||